Mineral nutrition of rubber XII. Quantity of A1 in the substrate affecting the concentration and accumulation of Ca, Mg and S in rubber (Hevea spp.) (Record no. 62971)

MARC details
000 -LEADER
fixed length control field 00538nam a2200157Ia 4500
100 ## - MAIN ENTRY--AUTHOR NAME
Personal name Bueno N
245 #0 - TITLE STATEMENT
Title Mineral nutrition of rubber XII. Quantity of A1 in the substrate affecting the concentration and accumulation of Ca, Mg and S in rubber (Hevea spp.)
260 ## - PUBLICATION, DISTRIBUTION, ETC. (IMPRINT)
Name of publisher Anais da Escola Superior de Agricultura Luiz de Queiroz
Year of publication 1990
300 ## - PHYSICAL DESCRIPTION
Number of Pages 519-540
500 ## - GENERAL NOTE
General note Source Year: 1992
650 ## - SUBJECT ADDED ENTRY--TOPICAL TERM
Topical Term Mineral nutrition
650 ## - SUBJECT ADDED ENTRY--TOPICAL TERM
Topical Term Rubber
856 ## - ELECTRONIC LOCATION AND ACCESS
Uniform Resource Identifier IRRDB
942 ## - ADDED ENTRY ELEMENTS (KOHA)
Koha item type Journals
Holdings
Withdrawn status Lost status Damaged status Not for loan Home library Current library Shelving location Date acquired Serial Enumeration / chronology Koha item type
      Journals RRII Library RRII Library Soils and agonomy 17/12/2021 Volume 47, Issue 2 Journals